000 00535nam a22001817a 4500
005 20251108164351.0
008 250721s2000 xx 000 0 ara d
082 1 4 _a411/رام
100 1 _aالراميني، عرسان
245 1 0 _aالكتابة العملية :
_bمهارات أساسية في البناء و اللغة /
264 _c2000.
300 _a313ص
650 1 7 _aاللغة العربية
650 1 7 _aعلم الكتابة
650 1 7 _aعلامات الترقيم
942 _2ddc
_cBK
999 _c10401
_d10401